| 000 | 00872nam a2200217 i 4500 | ||
|---|---|---|---|
| 001 | 43416 | ||
| 003 | ES-MaACL | ||
| 005 | 20250904063046.0 | ||
| 007 | t| | ||
| 008 | 030317s1839 sp ||||1| spa d | ||
| 100 | 1 |
_aCastro y Orozco, José de, _cMarqués de Gerona, _d1808-1869 _936976 |
|
| 245 | 1 | 0 |
_aMemoria histórica que en la apertura del Museo provincial... el dia 11 de Agosto de 1839... / _cpronunció José de Castro y Orozco. |
| 260 |
_aGranada : _b[s.n.], _c1839 ( _fSanz) |
||
| 300 |
_a60 p. ; _c15 cm. |
||
| 500 | _aPrecede al tit.: Bellas Artes de Granada. | ||
| 530 | _aDisponible en formato digital. | ||
| 650 | 7 |
_aArquitectura- _zGranada _2 _9158344 |
|
| 852 |
_aES-MaACL _jG-9298(2) _z.- Encuadernado con otra obra |
||
| 856 |
_uhttp://bdh-rd.bne.es/viewer.vm?id=0000092457&page=1 _zBiblioteca Digital Hispánica |
||
| 999 |
_c43416 _d43416 |
||